| 000 | 01330nam0a22003131 4500 | ||
|---|---|---|---|
| 001 | rc\2311113 | ||
| 005 | 20250623044839.0 | ||
| 035 | _a(NLR Aleph) 006574323 | ||
| 090 |
_a6978671 _c6978671 |
||
| 100 | _a20110829d1977 |||y0rusy50 ca | ||
| 101 | 0 | _arus | |
| 102 | _aRU | ||
| 105 | _aab z ||||| | ||
| 200 | 1 |
_aБиоресурсы открытой части Атлантического океана и методы их изучения и освоения _e(Метод. пособие) _fМ-во рыб. хоз-ва СССР. Атлант. НИИ рыбного хозяйства и океанографии (АтлантНИРО) |
|
| 210 |
_aКалининград _cБ. и. _d1977 |
||
| 215 |
_a296 с. _cил., карт. _d20 |
||
| 300 | _aНа обороте тит. л.: принимали участие А.П. Байдалинов, В.И. Саускан, С.С. Федоров [и др.] | ||
| 320 | _aБиблиогр. в конце разделов | ||
| 333 | _aДСП. Экз. № 495 | ||
| 702 | 1 |
_aСаускан _bВ.И. _4570 |
|
| 702 | 1 |
_aФедоров _bС.С. _4570 |
|
| 702 | 1 |
_aБайдалинов _bА.П. _4570 |
|
| 801 | 0 |
_aRU _bNLR _gpsbo |
|
| 801 | 1 |
_aRU _bELAR _2rusmarc |
|
| 852 |
_aNLR _j77-50К/3118 |
||
| 899 |
_aRuMoRGB _jДСП |
||
| 899 |
_aRuMoRGB _j22 77/514 |
||
| 942 | _cBOOK | ||
| 980 | _aNB | ||